Paesi più Vicini all'Europa - Statistics

Statistiche generali
  • Questo quiz è stato fatto 7.981 volte
  • Il punteggio medio è 17 su 20
Statistiche sulle risposte
km paese miglia % Corretto
14 Marocco 9
97%
363 Egitto 225
94%
0 Turchia 0
94%
70 Tunisia 44
93%
153 Algeria 95
91%
259 Libia 161
89%
725 Israele 451
88%
0 Georgia 0
87%
511 Iraq 318
84%
110 Armenia 69
83%
165 Iran 103
83%
625 Siria 388
83%
0 Azerbaijan 0
82%
713 Libano 443
81%
0 Kazakistan 0
80%
392 Cipro 243
78%
789 Giordania 490
76%
970 Arabia Saudita 602
74%
535 Uzbekistan 332
65%
321 Turkmenistan 199
63%
Nessun quiz corrispondente trovato
Distribuzione punteggi
Percentuale di utenti per punteggio
Percentile per numero di risposta
I tuoi punteggi nel tempo
Non hai fatto questo quiz